[Event "Titled Tuesday intern op 13th Feb Early"]
[Site "Chess.com INT"]
[Date "2024.02.13"]
[Round "3"]
[White "Garcia Blanco, Omar"]
[Black "Tiarks, Jann Christian"]
[Result "0-1"]
[WhiteElo "2375"]
[BlackElo "2180"]
[PlyCount "52"]
[EventDate "2024.02.13"]
[EventType "swiss (blitz)"]
[EventRounds "11"]
[EventCountry "USA"]
[SourceTitle "CB08_2024"]
[SourceDate "2024.02.21"]
[SourceVersion "1"]
[SourceVersionDate "2024.02.21"]
[SourceQuality "1"]

1. Nf3 c5 2. e3 Nf6 3. d4 d5 4. a3 cxd4 5. exd4 Nc6 6. Bb5 a6 7. Bxc6+ bxc6 8. 0-0 e6 9. Bf4 Be7 10. Nbd2 0-0 11. Re1 a5 12. c4 c5 13. Rc1 cxd4 14. Nxd4 Qb6 15. Be3 Qxb2 16. Rb1 Qxa3 17. Nb5 Qd3 18. Rb3 Qf5 19. Bd4 dxc4 20. Nxc4 Qd5 21. Nc7 Qxc4 22. Nxa8 a4 23. Rc3 Qd5 24. Nc7 Qa5 25. Re5 Qb4 26. Rb5 Qd6 0-1

[Event "Titled Tuesday intern op 13th Feb Early"]
[Site "Chess.com INT"]
[Date "2024.02.13"]
[Round "11"]
[White "Tiarks, Jann Christian"]
[Black "Kislinsky, Alexey"]
[Result "0-1"]
[WhiteElo "2180"]
[BlackElo "2361"]
[PlyCount "50"]
[EventDate "2024.02.13"]
[EventType "swiss (blitz)"]
[EventRounds "11"]
[EventCountry "USA"]
[SourceTitle "CB08_2024"]
[SourceDate "2024.02.21"]
[SourceVersion "1"]
[SourceVersionDate "2024.02.21"]
[SourceQuality "1"]

1. e4 c5 2. Nc3 g6 3. g3 Bg7 4. Bg2 Nc6 5. Nge2 d6 6. d3 Rb8 7. Be3 e6 8. Qd2 Nd4 9. 0-0 b5 10. f4 Ne7 11. Nd1 0-0 12. c3 Nxe2+ 13. Qxe2 Ba6 14. Qd2 Qc7 15. g4 f5 16. Nf2 Bb7 17. d4 c4 18. g5 fxe4 19. Nxe4 Nf5 20. Rae1 Bd5 21. Qe2 Qc6 22. Ng3 Nxe3 23. Bxd5 Nxd5 24. Qxe6+ Kh8 25. f5 Rbe8 0-1

[Event "Titled Tuesday intern op 13th Feb Early"]
[Site "Chess.com INT"]
[Date "2024.02.13"]
[Round "5"]
[White "Tiarks, Jann Christian"]
[Black "Palencia Morales, Wilson Guillermo"]
[Result "1/2-1/2"]
[WhiteElo "2180"]
[BlackElo "2180"]
[PlyCount "158"]
[EventDate "2024.02.13"]
[EventType "swiss (blitz)"]
[EventRounds "11"]
[EventCountry "USA"]
[SourceTitle "CB08_2024"]
[SourceDate "2024.02.21"]
[SourceVersion "1"]
[SourceVersionDate "2024.02.21"]
[SourceQuality "1"]

1. e4 c5 2. Nc3 Nc6 3. g3 g6 4. Bg2 Bg7 5. Nge2 d6 6. d3 e5 7. Be3 Nge7 8. Qd2 Rb8 9. Bh6 Bxh6 10. Qxh6 Nd4 11. Nxd4 cxd4 12. Nd5 Nxd5 13. exd5 Qa5+ 14. Qd2 Qxd2+ 15. Kxd2 Bd7 16. c4 dxc3+ 17. bxc3 0-0 18. Rhf1 f6 19. f4 Kg7 20. fxe5 fxe5 21. Rxf8 Rxf8 22. Rf1 Rxf1 23. Bxf1 Kf6 24. Ke3 Bb5 25. Bh3 h5 26. Bc8 b6 27. a3 a5 28. h4 Ke7 29. Bh3 Kf6 30. Bc8 Ba4 31. c4 Be8 32. Bb7 Bd7 33. Bc6 Bc8 34. Ba4 Bg4 35. Ke4 g5 36. Bc6 Bh3 37. Bb7 Bg2+ 38. Ke3 gxh4 39. gxh4 e4 40. d4 Bf1 41. Ba6 Kf5 42. Bc8+ Kf6 43. Ba6 Bd3 44. Kf4 Bb1 45. Bb5 Bc2 46. Be8 Bd3 47. Bxh5 Bxc4 48. Kxe4 b5 49. Ke3 Bxd5 50. Be2 b4 51. axb4 axb4 52. Bd3 Bf7 53. Kd2 Bb3 54. Kc1 Bd5 55. Kb2 Kg7 56. Bc2 Kh6 57. Bb3 Bf3 58. Bf7 Bd1 59. Bb3 Bf3 60. Bf7 Bd1 61. Be8 Kg7 62. Kc1 Bb3 63. Kb2 Bd5 64. Ba4 Kg6 65. Bb3 Bf3 66. Bc2+ Kh5 67. Kb3 Kxh4 68. Kxb4 Kg5 69. Kb5 Kf6 70. Kb6 Ke7 71. Kc7 Bg2 72. Bf5 Bf3 73. Bh3 Be4 74. Bf1 Ba8 75. Bb5 Bf3 76. Bc6 Bg4 77. Bd5 Bf5 78. Bf3 Bd7 79. Bh5 Be6 1/2-1/2

[Event "Titled Tuesday intern op 13th Feb Early"]
[Site "Chess.com INT"]
[Date "2024.02.13"]
[Round "7"]
[White "Tiarks, Jann Christian"]
[Black "Tologontegin, Semetey"]
[Result "0-1"]
[WhiteElo "2180"]
[BlackElo "2369"]
[PlyCount "140"]
[EventDate "2024.02.13"]
[EventType "swiss (blitz)"]
[EventRounds "11"]
[EventCountry "USA"]
[SourceTitle "CB08_2024"]
[SourceDate "2024.02.21"]
[SourceVersion "1"]
[SourceVersionDate "2024.02.21"]
[SourceQuality "1"]

1. e4 c5 2. Nc3 d6 3. g3 g6 4. Bg2 Bg7 5. Nge2 Nc6 6. d3 e5 7. Be3 Nge7 8. Qd2 Nd4 9. 0-0-0 Be6 10. Bh6 0-0 11. h4 f6 12. Bxg7 Kxg7 13. h5 g5 14. h6+ Kh8 15. f4 gxf4 16. gxf4 Rg8 17. Bh3 Bxh3 18. Rxh3 b5 19. Nxd4 cxd4 20. Nxb5 Qb6 21. Na3 Rac8 22. Rhh1 Ng6 23. f5 Nf4 24. Rhg1 d5 25. exd5 Nxd5 26. Qf2 Ne3 27. Rxg8+ Rxg8 28. Rg1 Qd8 29. Nc4 Rxg1+ 30. Qxg1 Nxf5 31. Qh2 Qf8 32. Qg2 Qxh6+ 33. Kb1 Qg6 34. Qa8+ Qg8 35. Qh1 Ng3 36. Qh4 Qg6 37. a4 h5 38. b4 Nf5 39. Qe4 h4 40. Qa8+ Qg8 41. Qe4 Qe6 42. Qg4 Kh7 43. b5 Kh6 44. Kb2 Qd7 45. Nd2 Qe6 46. Ne4 Ng7 47. Qxh4+ Kg6 48. Nd2 Qe7 49. Kb3 Qe6+ 50. Nc4 Qe7 51. a5 Qc5 52. Ka4 Ne6 53. Qg4+ Kf7 54. Qh5+ Ke7 55. Qh7+ Ke8 56. Qb7 Nc7 57. b6 Nd5 58. Qb8+ Kf7 59. Nd6+ Ke6 60. Qc8+ Qxc8 61. Nxc8 axb6 62. a6 b5+ 63. Kxb5 Kd7 64. a7 Nc7+ 65. Kb6 Kxc8 66. Kc6 f5 67. Kd6 f4 68. Kxe5 f3 69. Kxd4 f2 70. c4 f1Q 0-1

[Event "Titled Tuesday intern op 16th Jan Early"]
[Site "Chess.com INT"]
[Date "2024.01.16"]
[Round "7"]
[White "Djokic, Mihailo"]
[Black "Tiarks, Jann Christian"]
[Result "1-0"]
[WhiteElo "2139"]
[BlackElo "2207"]
[PlyCount "193"]
[EventDate "2024.01.16"]
[EventType "swiss (blitz)"]
[EventRounds "11"]
[EventCountry "USA"]
[SourceTitle "CB04_2024"]
[SourceDate "2023.10.16"]
[SourceVersion "1"]
[SourceVersionDate "2023.10.16"]
[SourceQuality "1"]

1. e4 d5 2. exd5 Qxd5 3. Nc3 Qd8 4. Bc4 Nf6 5. Nf3 e6 6. d4 c5 7. d5 exd5 8. Nxd5 Nxd5 9. Bxd5 Be7 10. 0-0 0-0 11. Re1 Nc6 12. c3 Bg4 13. h3 Bh5 14. Bf4 Bf6 15. Bd6 Re8 16. Rxe8+ Qxe8 17. Bxc5 Rd8 18. Qe1 h6 19. Qxe8+ Rxe8 20. Re1 Rd8 21. Be4 Bxf3 22. Bxf3 Ne5 23. Be4 b6 24. Bd4 Nc4 25. Bxf6 gxf6 26. b3 Ne5 27. f4 Ng6 28. Bxg6 fxg6 29. Re7 a5 30. Re6 Rd1+ 31. Kh2 Kf7 32. Rxb6 Rd2 33. a4 g5 34. fxg5 hxg5 35. Rb5 Rb2 36. b4 axb4 37. cxb4 Kg6 38. a5 f5 39. Rb6+ Kh5 40. a6 f4 41. a7 Ra2 42. Rb7 f3 43. a8Q Rxa8 44. gxf3 Kg6 45. Kg3 Ra1 46. b5 Rg1+ 47. Kf2 Rb1 48. b6 Kf5 49. Rb8 Kf4 50. Rf8+ Ke5 51. Rg8 Rxb6 52. Rxg5+ Kf4 53. Rg4+ Kf5 54. Kg3 Rb1 55. Rf4+ Kg5 56. h4+ Kh5 57. Rf5+ Kh6 58. Rc5 Rg1+ 59. Kf4 Rh1 60. h5 Rh4+ 61. Kg3 Rh1 62. Kg4 Rg1+ 63. Kf4 Rh1 64. Rc8 Rh4+ 65. Kg3 Rh1 66. f4 Rxh5 67. Kg4 Ra5 68. Re8 Kg7 69. Rb8 Kf7 70. Rb6 Rc5 71. f5 Ra5 72. Kg5 Rc5 73. Rb7+ Kf8 74. Kg6 Rc1 75. Rb8+ Ke7 76. f6+ Ke6 77. Re8+ Kd7 78. Re2 Rg1+ 79. Kf7 Rh1 80. Kg7 Rg1+ 81. Kf8 Rg3 82. f7 Rg4 83. Rd2+ Ke6 84. Ke8 Ra4 85. Re2+ Kf6 86. Rf2+ Kg6 87. Rg2+ Kf6 88. f8Q+ Ke6 89. Qe7+ Kd5 90. Rd2+ Kc6 91. Qd7+ Kb6 92. Rd6+ Kc5 93. Qc6+ Kb4 94. Rd4+ Ka3 95. Qxa4+ Kb2 96. Rd2+ Kc1 97. Qc2# 1-0

[Event "Titled Tuesday intern op 16th Jan Early"]
[Site "Chess.com INT"]
[Date "2024.01.16"]
[Round "1"]
[White "Durarbayli, Vasif"]
[Black "Tiarks, Jann Christian"]
[Result "1-0"]
[WhiteElo "2627"]
[BlackElo "2207"]
[PlyCount "51"]
[EventDate "2024.01.16"]
[EventType "swiss (blitz)"]
[EventRounds "11"]
[EventCountry "USA"]
[SourceTitle "CB04_2024"]
[SourceDate "2023.10.16"]
[SourceVersion "1"]
[SourceVersionDate "2023.10.16"]
[SourceQuality "1"]

1. c4 c5 2. Nc3 Nc6 3. Nf3 e5 4. g3 g6 5. Bg2 Bg7 6. 0-0 Nge7 7. a3 0-0 8. b4 cxb4 9. axb4 Nxb4 10. Ba3 Nbc6 11. Bd6 f5 12. e4 Qe8 13. Nb5 fxe4 14. Ng5 Nd4 15. Nc7 Qd8 16. Nxa8 Ndf5 17. Nxe4 Nxd6 18. Nxd6 Nc6 19. c5 e4 20. Qb3+ Kh8 21. Nf7+ Rxf7 22. Qxf7 Ne5 23. Qd5 Nf3+ 24. Bxf3 exf3 25. Rxa7 Qf6 26. Nb6 1-0

[Event "Titled Tuesday intern op 09th Jan Early"]
[Site "Chess.com INT"]
[Date "2024.01.09"]
[Round "9"]
[White "Radzhabov, Rodion"]
[Black "Tiarks, Jann Christian"]
[Result "1-0"]
[WhiteElo "2265"]
[BlackElo "2207"]
[PlyCount "131"]
[EventDate "2024.01.09"]
[EventType "swiss (blitz)"]
[EventRounds "11"]
[EventCountry "USA"]
[SourceTitle "CB03_2024"]
[SourceDate "2024.01.17"]
[SourceVersion "1"]
[SourceVersionDate "2024.01.17"]
[SourceQuality "1"]

1. e4 c5 2. Nf3 Nf6 3. Nc3 d5 4. exd5 Nxd5 5. Bb5+ Bd7 6. Bxd7+ Qxd7 7. 0-0 Nc6 8. d4 cxd4 9. Nxd4 Nxc3 10. bxc3 e6 11. Qg4 Ne5 12. Qg3 Ng6 13. h4 Bd6 14. Qh3 h5 15. Bg5 0-0 16. Qf3 e5 17. Nf5 Bc5 18. Rad1 Qe6 19. Rd5 Rac8 20. Rfd1 b6 21. Ng3 Qg4 22. Qxg4 hxg4 23. h5 Nf4 24. Rxe5 f6 25. Bxf4 fxe5 26. Bxe5 Bxf2+ 27. Kh2 Rce8 28. Bd4 Bxd4 29. cxd4 Rf2 30. d5 Rxc2 31. d6 Kf7 32. Nf5 Rd8 33. Re1 Kf6 34. Rf1 Kg5 35. Nxg7 Rxd6 36. Rf5+ Kh6 37. Rf7 Rdd2 38. Nf5+ Kg5 39. Ne3 Rc1 40. Rf5+ Kh6 41. Nxg4+ Kg7 42. h6+ Kg6 43. Rf8 Rc7 44. Rg8+ Kf5 45. Rg7 Rxg7 46. hxg7 Rd8 47. g8Q Rxg8 48. Nh6+ Kg6 49. Nxg8 b5 50. Ne7+ Kf6 51. Nc6 a6 52. g4 Ke6 53. Kg3 Kd6 54. Na5 Ke6 55. g5 Kf7 56. Kg4 Kg7 57. Kf5 Kf7 58. g6+ Kg7 59. a3 b4 60. axb4 Kg8 61. Kf6 Kf8 62. g7+ Kg8 63. Nc6 Kh7 64. Ne7 Kh6 65. g8Q Kh5 66. Qg5# 1-0

[Event "Titled Tuesday intern op 09th Jan Early"]
[Site "Chess.com INT"]
[Date "2024.01.09"]
[Round "6"]
[White "Tiarks, Jann Christian"]
[Black "Bogumil, Tatiana"]
[Result "0-1"]
[WhiteElo "2207"]
[BlackElo "2090"]
[PlyCount "82"]
[EventDate "2024.01.09"]
[EventType "swiss (blitz)"]
[EventRounds "11"]
[EventCountry "USA"]
[SourceTitle "CB03_2024"]
[SourceDate "2024.01.17"]
[SourceVersion "1"]
[SourceVersionDate "2024.01.17"]
[SourceQuality "1"]

1. e4 d6 2. d4 g6 3. Nc3 Bg7 4. h4 h5 5. Nf3 Nf6 6. Ng5 c6 7. a4 a5 8. Be2 Na6 9. Be3 Nb4 10. 0-0 0-0 11. e5 Nfd5 12. Nxd5 Nxd5 13. e6 Bxe6 14. Bxh5 gxh5 15. Nxe6 fxe6 16. Qxh5 Nf6 17. Qe2 Qe8 18. Bg5 Qf7 19. Rfe1 Nd5 20. Qxe6 Qxe6 21. Rxe6 Bxd4 22. Bxe7 Rxf2 23. Kh1 Kf7 24. Rae1 Be5 25. Bxd6 Kxe6 26. Bxe5 Kd7 27. h5 Rf5 28. g4 Rf2 29. h6 Ne7 30. Bd4 Rf4 31. Bc5 Ng6 32. g5 Re8 33. Rd1+ Kc8 34. Rd6 Rh4+ 35. Kg2 Rg4+ 36. Kf3 Rxg5 37. Bb6 Ne5+ 38. Kf4 Rh5 39. b3 Nd7 40. Bxa5 Rxa5 41. h7 Rh5 0-1

[Event "Spandau Christmas op 6th"]
[Site "Spandau"]
[Date "2023.12.29"]
[Round "5"]
[White "Tiarks, Jann Christian"]
[Black "Solberg, Joachim Krokvik"]
[Result "1/2-1/2"]
[WhiteElo "2224"]
[BlackElo "2162"]
[PlyCount "53"]
[EventDate "2023.12.27"]
[EventType "swiss"]
[EventRounds "7"]
[EventCountry "GER"]
[SourceTitle "CB01_2024"]
[SourceDate "2024.01.03"]
[SourceVersion "1"]
[SourceVersionDate "2024.01.03"]
[SourceQuality "1"]

1. e4 c5 2. Nf3 Nc6 3. d4 cxd4 4. Nxd4 Nf6 5. Nc3 e5 6. Ndb5 d6 7. Bg5 a6 8. Na3 b5 9. Nab1 Be7 10. Bxf6 Bxf6 11. a4 b4 12. Nd5 0-0 13. Bc4 Be6 14. 0-0 Bg5 15. Qd3 a5 16. c3 bxc3 17. Nbxc3 Ne7 18. Rfd1 Nxd5 19. Bxd5 Rb8 20. Nb5 Qb6 21. Qg3 Be7 22. Rac1 Bd7 23. Bc4 Rbc8 24. b3 Be6 25. Bxe6 fxe6 26. Rc4 Rce8 27. Rc8 1/2-1/2

[Event "Titled Tuesday intern op 22nd Aug Early"]
[Site "Chess.com INT"]
[Date "2023.08.22"]
[Round "3"]
[White "Goncharov, Vladimir"]
[Black "Tiarks, Jann Christian"]
[Result "1/2-1/2"]
[WhiteElo "2077"]
[BlackElo "2211"]
[PlyCount "172"]
[EventDate "2023.08.22"]
[EventType "swiss (blitz)"]
[EventRounds "11"]
[EventCountry "USA"]
[SourceTitle "EXT 2024"]
[Source "ChessBase"]
[SourceDate "2023.10.10"]
[SourceVersion "1"]
[SourceVersionDate "2023.10.10"]
[SourceQuality "1"]

1. d4 Nf6 2. c4 e6 3. Nf3 d5 4. Nc3 Be7 5. Bg5 0-0 6. e3 b6 7. cxd5 exd5 8. Be2 Bb7 9. 0-0 Nbd7 10. a3 h6 11. Bh4 c5 12. dxc5 Nxc5 13. Nd4 Nfe4 14. Bxe7 Qxe7 15. Rc1 Nxc3 16. Rxc3 Ne4 17. Rc1 Rac8 18. Qa4 a5 19. Qb5 Qf6 20. Rcd1 Rc5 21. Qd7 Bc8 22. Qa7 Qg6 23. Bf3 Ng5 24. Kh1 Nxf3 25. Nxf3 Bg4 26. Ne5 Qh5 27. Nxg4 Qxg4 28. Qxb6 Rc2 29. Rxd5 Rfc8 30. Rd8+ Rxd8 31. Qxd8+ Kh7 32. Qd3+ Qg6 33. Qxg6+ Kxg6 34. b4 axb4 35. axb4 Rb2 36. h4 Rxb4 37. g3 h5 38. Kg2 Kf6 39. Rc1 g6 40. Rc5 Rb2 41. Kf3 Ra2 42. Rc4 Rb2 43. g4 hxg4+ 44. Rxg4 Rb1 45. Rf4+ Ke6 46. Rg4 Rh1 47. Kf4 Kf6 48. Kg3 Rg1+ 49. Kh3 Rh1+ 50. Kg2 Ra1 51. Rg5 Ra4 52. Kg3 Ra1 53. Rb5 Rg1+ 54. Kh2 Rf1 55. Kg2 Rc1 56. h5 gxh5 57. Rxh5 Rc2 58. Rb5 Ra2 59. Kg3 Ra1 60. f3 Re1 61. Kf4 Ra1 62. e4 Ra3 63. Rb6+ Ke7 64. Kg4 Ra5 65. f4 Rc5 66. e5 Ra5 67. Kf5 Rc5 68. Rb7+ Ke8 69. Kg5 Ra5 70. f5 Rxe5 71. Kf6 Ra5 72. Re7+ Kf8 73. Rxf7+ Kg8 74. Rg7+ Kf8 75. Rb7 Ra6+ 76. Kg5 Rc6 77. Rb5 Ra6 78. Re5 Kf7 79. Rb5 Rc6 80. Rb7+ Kf8 81. f6 Rc1 82. Kg6 Rg1+ 83. Kf5 Rf1+ 84. Kg6 Rg1+ 85. Kf5 Rf1+ 86. Kg6 Rg1+ 1/2-1/2

[Event "Berlin Werner Ott op"]
[Site "Berlin"]
[Date "2023.07.20"]
[Round "6"]
[White "Tiarks, Jann Christian"]
[Black "Niehaus, Frank"]
[Result "1/2-1/2"]
[WhiteElo "2218"]
[BlackElo "2132"]
[PlyCount "30"]
[EventDate "2023.07.15"]
[EventType "swiss"]
[EventRounds "9"]
[EventCountry "GER"]
[SourceTitle "EXT 2024"]
[Source "ChessBase"]
[SourceDate "2023.10.10"]
[SourceVersion "1"]
[SourceVersionDate "2023.10.10"]
[SourceQuality "1"]

1. e4 e5 2. Nf3 Nc6 3. Bb5 f5 4. d4 fxe4 5. Nxe5 Nxe5 6. dxe5 c6 7. Bc4 Qa5+ 8. Bd2 Qxe5 9. Bc3 Qg5 10. Bxg8 Rxg8 11. 0-0 d5 12. f3 Bc5+ 13. Bd4 Bh3 14. Rf2 Bxd4 15. Qxd4 Qc1+ 1/2-1/2

[Event "Titled Tuesday intern op 28th Feb Early"]
[Site "Chess.com INT"]
[Date "2023.02.28"]
[Round "6"]
[White "Necula, Iulian"]
[Black "Tiarks, Jann Christian"]
[Result "1-0"]
[WhiteElo "1882"]
[BlackElo "2231"]
[PlyCount "85"]
[EventDate "2023.02.28"]
[EventType "swiss (blitz)"]
[EventRounds "11"]
[EventCountry "USA"]
[SourceTitle "CBM 213 Extra"]
[Source "ChessBase"]
[SourceDate "2023.05.31"]
[SourceVersion "1"]
[SourceVersionDate "2023.05.31"]
[SourceQuality "1"]

1. d4 c5 2. d5 d6 3. Nc3 e5 4. e4 Nf6 5. Bb5+ Nbd7 6. Nf3 Be7 7. a4 a6 8. Bc4 Nf8 9. 0-0 Ng6 10. Bg5 0-0 11. Bxf6 Bxf6 12. h3 Nf4 13. Ne2 Bg5 14. Ng3 Qf6 15. Nxg5 Qxg5 16. Kh2 Qh4 17. Rh1 Bd7 18. Kg1 b5 19. Be2 bxa4 20. Bg4 Bb5 21. Nf5 Qf6 22. g3 Ng6 23. h4 Ne7 24. Nxe7+ Qxe7 25. h5 h6 26. Bf5 Rab8 27. Rh4 Bd7 28. Qg4 Bxf5 29. Qxf5 Rxb2 30. Rg4 Kh8 31. Rxa4 Ra8 32. c4 Rb4 33. Ra3 Rxc4 34. Rf3 f6 35. Rg6 a5 36. g4 a4 37. g5 fxg5 38. Re6 Qd7 39. Rxh6+ gxh6 40. Qxd7 a3 41. Rf7 a2 42. Rh7+ Kg8 43. Qf7# 1-0

[Event "Titled Tuesday intern op 28th Feb Early"]
[Site "Chess.com INT"]
[Date "2023.02.28"]
[Round "4"]
[White "Tiarks, Jann Christian"]
[Black "Jaskolka, Tomasz"]
[Result "0-1"]
[WhiteElo "2231"]
[BlackElo "2238"]
[PlyCount "144"]
[EventDate "2023.02.28"]
[EventType "swiss (blitz)"]
[EventRounds "11"]
[EventCountry "USA"]
[SourceTitle "CBM 213 Extra"]
[Source "ChessBase"]
[SourceDate "2023.05.31"]
[SourceVersion "1"]
[SourceVersionDate "2023.05.31"]
[SourceQuality "1"]

1. e4 c5 2. b4 cxb4 3. a3 e5 4. Nf3 Nc6 5. axb4 Bxb4 6. c3 Be7 7. d4 exd4 8. cxd4 d5 9. e5 Bg4 10. Be2 Qb6 11. Be3 Bb4+ 12. Nbd2 Bxf3 13. Bxf3 Nxd4 14. Bxd5 Rd8 15. Qa4+ Qb5 16. Qxb5+ Nxb5 17. Bxb7 Ne7 18. Rb1 a5 19. Rxb4 axb4 20. Bc5 Rb8 21. Bf3 Ng6 22. Nc4 Kd7 23. 0-0 Nc3 24. Ra1 Rhc8 25. Bg4+ Kc6 26. Bxc8 Kxc5 27. Ba6 Ra8 28. Ra5+ Kd4 29. g3 Rxa6 30. Rxa6 Kxc4 31. f4 b3 32. Rc6+ Kd3 33. Rb6 Kc2 34. h4 Ne7 35. g4 Ned5 36. Rb7 b2 37. f5 b1Q+ 38. Rxb1 Kxb1 39. Kf2 Kc2 40. Kg3 Kd3 41. g5 Ke4 42. e6 fxe6 43. fxe6 Ne7 44. h5 Ncd5 45. Kg4 g6 46. hxg6 hxg6 47. Kg3 Ne3 48. Kh4 Kf3 49. Kh3 N7f5 50. Kh2 Ng4+ 51. Kh3 Nf2+ 52. Kh2 Ne7 53. Kg1 Ne4 54. Kh2 Nxg5 55. Kg1 Nxe6 56. Kh2 Nf4 57. Kg1 Ke2 58. Kh2 g5 59. Kg3 Ne6 60. Kg4 Ke3 61. Kg3 Ke4 62. Kg4 Ke5 63. Kf3 Kf5 64. Kg3 g4 65. Kg2 Kf4 66. Kf2 g3+ 67. Kg2 Kg4 68. Kg1 Kf3 69. Kf1 Nf4 70. Kg1 Ne2+ 71. Kf1 g2+ 72. Ke1 g1Q+ 0-1

[Event "Titled Tuesday intern op 14th Feb Early"]
[Site "Chess.com INT"]
[Date "2023.02.14"]
[Round "2"]
[White "Garcia Molina, Jose"]
[Black "Tiarks, Jann Christian"]
[Result "1-0"]
[WhiteElo "2256"]
[BlackElo "2231"]
[PlyCount "77"]
[EventDate "2023.02.14"]
[EventType "swiss (blitz)"]
[EventRounds "11"]
[EventCountry "USA"]
[SourceTitle "CBM 212 Extra"]
[Source "ChessBase"]
[SourceDate "2023.03.31"]
[SourceVersion "1"]
[SourceVersionDate "2023.03.31"]
[SourceQuality "1"]

1. d4 c5 2. dxc5 e6 3. Nf3 Bxc5 4. e3 Nf6 5. b3 d5 6. Bb2 0-0 7. Nbd2 b6 8. Be2 Ba6 9. 0-0 Bxe2 10. Qxe2 Nc6 11. e4 dxe4 12. Nxe4 Nxe4 13. Qxe4 Qc7 14. Ng5 g6 15. Qh4 h5 16. Ne4 Bd4 17. Bxd4 Nxd4 18. Nf6+ Kg7 19. Qxd4 e5 20. Qh4 Qd8 21. Nxh5+ gxh5 22. Qg3+ Kh6 23. Qxe5 Rg8 24. Rad1 Qh4 25. Rd6+ Rg6 26. g3 Qg4 27. Rd4 Qh3 28. Re1 Rc8 29. c4 Rc5 30. Qf4+ Kg7 31. Re7 Rf5 32. Qe3 Rgf6 33. Rh4 Qxh4 34. gxh4 Rg6+ 35. Kf1 a5 36. Re4 b5 37. Rf4 Rxf4 38. Qxf4 bxc4 39. Qxc4 1-0

[Event "Titled Tuesday intern op 11th Oct Early"]
[Site "Chess.com INT"]
[Date "2022.10.11"]
[Round "5"]
[White "Ilkhomi, Jaloliddin"]
[Black "Tiarks, Jann Christian"]
[Result "1-0"]
[WhiteElo "2145"]
[BlackElo "2194"]
[PlyCount "87"]
[EventDate "2022.10.11"]
[EventType "swiss (blitz)"]
[EventRounds "11"]
[EventCountry "USA"]
[SourceTitle "EXT 2024"]
[Source "ChessBase"]
[SourceDate "2023.10.10"]
[SourceVersion "1"]
[SourceVersionDate "2023.10.10"]
[SourceQuality "1"]

1. d4 c5 2. e3 cxd4 3. exd4 d5 4. c3 Nf6 5. Bf4 Nc6 6. Nd2 Bf5 7. Ngf3 h6 8. Qb3 Qc8 9. Rc1 e6 10. Bb5 Be7 11. 0-0 0-0 12. Ne5 a6 13. Bd3 Nh5 14. Nxc6 Qxc6 15. Bxf5 Nxf4 16. Bg4 b5 17. g3 Ng6 18. f4 a5 19. f5 exf5 20. Bxf5 Bg5 21. Qc2 Rfe8 22. Rce1 Rxe1 23. Rxe1 Re8 24. Qd1 Re3 25. Rxe3 Bxe3+ 26. Kg2 Qf6 27. Bxg6 Qxg6 28. Nf3 h5 29. Qe2 Bh6 30. Kf2 Qf5 31. Qxb5 Qc2+ 32. Qe2 Qb1 33. a3 g6 34. Qe8+ Kg7 35. Qe5+ Kg8 36. Qe2 Qh1 37. Qe8+ Kg7 38. Qe5+ Kg8 39. Qxd5 Bc1 40. Qa8+ Kg7 41. Qe4 Bxb2 42. Qe5+ Kg8 43. Qb8+ Kg7 44. Qxb2 1-0

[Event "Titled Tuesday intern op 11th Oct Early"]
[Site "Chess.com INT"]
[Date "2022.10.11"]
[Round "10"]
[White "Lewtak, Damian"]
[Black "Tiarks, Jann Christian"]
[Result "1-0"]
[WhiteElo "2385"]
[BlackElo "2194"]
[PlyCount "65"]
[EventDate "2022.10.11"]
[EventType "swiss (blitz)"]
[EventRounds "11"]
[EventCountry "USA"]
[SourceTitle "EXT 2024"]
[Source "ChessBase"]
[SourceDate "2023.10.10"]
[SourceVersion "1"]
[SourceVersionDate "2023.10.10"]
[SourceQuality "1"]

1. b3 a5 2. Bb2 a4 3. g3 e6 4. Bg2 a3 5. Bc1 d5 6. d4 Nf6 7. Nd2 Bb4 8. Rb1 0-0 9. e3 c5 10. Ne2 cxd4 11. exd4 Nc6 12. c3 Be7 13. 0-0 b6 14. Re1 Ba6 15. Nf4 Qc7 16. Bf1 Bxf1 17. Nxf1 Ne4 18. Bd2 Na5 19. Rc1 Rac8 20. c4 Nxd2 21. Qxd2 dxc4 22. Ne3 c3 23. Qd3 Rfd8 24. Ne2 Bb4 25. Nc2 Qe7 26. Nxb4 Qxb4 27. Red1 e5 28. d5 Rc5 29. d6 Rc6 30. d7 Rc7 31. Rxc3 Rcxd7 32. Qxd7 Rxd7 33. Rc8+ 1-0

[Event "Titled Tuesday intern op 11th Oct Early"]
[Site "Chess.com INT"]
[Date "2022.10.11"]
[Round "8"]
[White "Tiarks, Jann Christian"]
[Black "Pimpalkhare, Vedant"]
[Result "1-0"]
[WhiteElo "2194"]
[BlackElo "2282"]
[PlyCount "87"]
[EventDate "2022.10.11"]
[EventType "swiss (blitz)"]
[EventRounds "11"]
[EventCountry "USA"]
[SourceTitle "EXT 2024"]
[Source "ChessBase"]
[SourceDate "2023.10.10"]
[SourceVersion "1"]
[SourceVersionDate "2023.10.10"]
[SourceQuality "1"]

1. e4 e6 2. d4 d5 3. Nc3 Nf6 4. Bg5 dxe4 5. Nxe4 Be7 6. Bxf6 gxf6 7. Nf3 f5 8. Ned2 a6 9. c3 b5 10. Ne5 Bb7 11. Qh5 0-0 12. Ndf3 f6 13. Nd3 Nd7 14. Be2 Qe8 15. Qh3 Bd6 16. 0-0 e5 17. Nh4 e4 18. Nc5 Nxc5 19. dxc5 Bxc5 20. Nxf5 Kh8 21. Bh5 Qe6 22. Rfe1 Rg8 23. Bg4 Bc8 24. Kh1 Rxg4 25. Qxg4 Qxf5 26. Qxe4 Qxe4 27. Rxe4 Bb7 28. Rg4 Rg8 29. Rxg8+ Kxg8 30. f3 Kf7 31. Re1 Bd5 32. b3 a5 33. Rd1 c6 34. h3 Ke6 35. Kh2 Bd6+ 36. Kg1 Be5 37. Rc1 c5 38. Kf2 a4 39. c4 bxc4 40. bxc4 Bd4+ 41. Ke2 Bc6 42. Kd3 Be8 43. Re1+ Kd6 44. Rxe8 1-0

[Event "Titled Tuesday intern op 11th Oct Early"]
[Site "Chess.com INT"]
[Date "2022.10.11"]
[Round "1"]
[White "Tiarks, Jann Christian"]
[Black "Subelj, Jan"]
[Result "0-1"]
[WhiteElo "2194"]
[BlackElo "2494"]
[PlyCount "44"]
[EventDate "2022.10.11"]
[EventType "swiss (blitz)"]
[EventRounds "11"]
[EventCountry "USA"]
[SourceTitle "EXT 2024"]
[Source "ChessBase"]
[SourceDate "2023.10.10"]
[SourceVersion "1"]
[SourceVersionDate "2023.10.10"]
[SourceQuality "1"]

1. e4 c5 2. c3 e5 3. d4 cxd4 4. cxd4 exd4 5. Nf3 Bc5 6. Nbd2 Nf6 7. e5 Nd5 8. Bc4 Nb6 9. Bb3 d5 10. 0-0 Bf5 11. Bc2 d3 12. Bb3 Nc6 13. Re1 0-0 14. Nf1 a5 15. a3 Nc4 16. Ng3 Bg6 17. Ba2 Qb6 18. Nh4 Bxf2+ 19. Kh1 Bxe1 20. Nxg6 fxg6 21. Qxe1 Qf2 22. Bd2 Qxd2 0-1

[Event "Titled Tuesday intern op 11th Oct Early"]
[Site "Chess.com INT"]
[Date "2022.10.11"]
[Round "3"]
[White "Tiarks, Jann Christian"]
[Black "Yaniuk, Volodymyr"]
[Result "1-0"]
[WhiteElo "2194"]
[BlackElo "2223"]
[PlyCount "75"]
[EventDate "2022.10.11"]
[EventType "swiss (blitz)"]
[EventRounds "11"]
[EventCountry "USA"]
[SourceTitle "EXT 2024"]
[Source "ChessBase"]
[SourceDate "2023.10.10"]
[SourceVersion "1"]
[SourceVersionDate "2023.10.10"]
[SourceQuality "1"]

1. e4 e5 2. Nf3 Nc6 3. d4 exd4 4. Nxd4 Nf6 5. Nxc6 bxc6 6. e5 Qe7 7. Qe2 Nd5 8. c4 Nb6 9. b3 Qe6 10. Bb2 Bb4+ 11. Nd2 a5 12. Qe4 a4 13. Be2 f5 14. Qc2 axb3 15. axb3 Rxa1+ 16. Bxa1 0-0 17. 0-0 d5 18. Nf3 dxc4 19. bxc4 Bc5 20. Re1 Ba6 21. Bd4 Bxd4 22. Nxd4 Qxe5 23. Nxc6 Qc5 24. Bf3 Bxc4 25. h4 h6 26. h5 Kh8 27. Ne7 Kh7 28. Ng6 Rf6 29. Re8 Rxg6 30. hxg6+ Kxg6 31. Qc3 Nd5 32. Qe5 Qb5 33. Bh5+ Kxh5 34. Qxf5+ g5 35. Qh3+ Kg6 36. Qe6+ Nf6 37. Rg8+ Kh5 38. Qh3# 1-0